| 000 | 00488nam a2200193Ia 4500 | ||
|---|---|---|---|
| 003 | OSt | ||
| 005 | 20240404114852.0 | ||
| 008 | 210210b1959 xxu||||| |||| 00| 0 eng d | ||
| 040 | _cAL | ||
| 041 | _akan | ||
| 082 | _a859/2181 | ||
| 100 |
_aSITARAMA SHASTRI _9158435 |
||
| 245 |
_aSultana rajiya: _bಸುಲ್ತಾನ ರಾಜ್ಯ |
||
| 260 |
_aBengaluru _b- _c1959 |
||
| 690 |
_aKannada Fiction _9158436 |
||
| 700 |
_aVIRAKESARI _9158437 |
||
| 906 | _a022893 | ||
| 942 |
_2ddc _cBK |
||
| 999 |
_c147592 _d147592 |
||